000 00935nam a2200241 i 4500
001 187326
003 SpMaBN
005 20260426162626.0
008 170602s1958 ag |||| |dspa d
080 _a821.112.2-94"19"
100 1 _aRilke, Rainer Maria,
_d1875-1926
_997230
245 1 4 _aLos cuadernos de Malte Laurids Brigge /
_cRainer Maria Rilke ; traducción de Francisco Ayala ; prólogo de Guillermo de Torre.
250 _aEd. expresamente autorizada para la Biblioteca contemporánea.
260 _aBuenos Aires :
_bLosada,
_c1958.
300 _a202 p. ;
_c18 cm.
490 1 _aBiblioteca contemporánea
700 1 _aAyala, Francisco,
_d1906-2009
_924111
700 1 _aTorre, Guillermo de (
_d1900-1971)
_9110740
830 0 0 _aBiblioteca contemporánea (Losada)
_9230032
852 _aES-MaACL
_jL-31674
_hDonat. herederos de la bibl. de Mª del Pilar Costa Palacín
942 _2udc
999 _c187326
_d187326